[Event "Montreal Pere Noel op"]
[Site "Montreal"]
[Date "2024.12.30"]
[Round "5"]
[White "Di Matteo, Alessio"]
[Black "Yang, Jing Yao"]
[Result "1-0"]
[WhiteElo "1864"]
[BlackElo "1741"]
[PlyCount "109"]
[EventDate "2024.12.27"]
[EventType "swiss"]
[EventRounds "5"]
[EventCountry "CAN"]
[SourceTitle "CB04_2025"]
[SourceDate "2025.01.22"]
[SourceVersion "1"]
[SourceVersionDate "2025.01.22"]
[SourceQuality "1"]

1. d4 Nf6 2. c4 g6 3. h4 Bg7 4. Nc3 d5 5. h5 Nxh5 6. cxd5 e6 7. dxe6 Bxe6 8. Nf3 c5 9. e3 0-0 10. Be2 Nc6 11. Bd2 cxd4 12. Nxd4 Nxd4 13. Bxh5 Bf5 14. exd4 gxh5 15. Be3 Bg4 16. f3 Re8 17. Kf2 Bf5 18. Rxh5 Bg6 19. Rh1 Qb6 20. Qd2 Rad8 21. Ne2 Re7 22. Rac1 Qa6 23. a3 Bd3 24. Rhe1 Rde8 25. Nf4 Rxe3 26. Rxe3 Bxd4 27. Rce1 Rxe3 28. Rxe3 Bxe3+ 29. Qxe3 Bg6 30. Nd5 Kg7 31. Nc7 Qc6 32. Qd4+ f6 33. Nd5 a6 34. g4 Qc2+ 35. Kg3 Qc6 36. g5 Qd6+ 37. f4 Bf7 38. Qxf6+ Qxf6 39. Nxf6 Kg6 40. Ng4 Be6 41. Kf3 Bd5+ 42. Ke3 Be6 43. Nh6 Bh3 44. Ke4 Bg2+ 45. Ke5 Bf1 46. Ng8 Bh3 47. Ne7+ Kf7 48. Kd6 Bg2 49. Nd5 Kg6 50. Ne7+ Kf7 51. a4 Bf3 52. a5 Bg2 53. Nf5 Bh3 54. Ne3 Be6 55. Kc7 1-0

[Event "Montreal op"]
[Site "Montreal"]
[Date "2024.09.15"]
[Round "5"]
[White "Di Matteo, Alessio"]
[Black "Collins, Hayden Samuel"]
[Result "1-0"]
[WhiteElo "1851"]
[BlackElo "1776"]
[PlyCount "104"]
[EventDate "2024.09.13"]
[EventType "swiss"]
[EventRounds "5"]
[EventCountry "CAN"]
[SourceTitle "EXT 2025"]
[Source "ChessBase"]
[SourceDate "2024.10.14"]
[SourceVersion "1"]
[SourceVersionDate "2024.10.14"]
[SourceQuality "1"]

1. d4 Nf6 2. c4 g6 3. Nc3 Bg7 4. e4 d6 5. Nf3 0-0 6. Be2 e5 7. d5 a5 8. 0-0 Nfd7 9. Bg5 f6 10. Bh4 g5 11. Bg3 h5 12. h4 g4 13. Ne1 f5 14. exf5 Nf6 15. Bd3 Na6 16. f4 gxf3 17. Nxf3 Ng4 18. Ng5 Qe8 19. Qe2 Nc5 20. Bc2 Rf6 21. Nce4 Nxe4 22. Qxe4 Bh6 23. Rae1 c6 24. Ne6 cxd5 25. cxd5 Qb5 26. Bd1 Bxe6 27. dxe6 d5 28. Qb1 Be3+ 29. Kh1 Bd2 30. Be2 Qb4 31. a3 Qd4 32. Rd1 Ne3 33. Bf2 Qf4 34. g3 Qxf5 35. Qxf5 Rxf5 36. Bxe3 Rxf1+ 37. Rxf1 Bxe3 38. Bxh5 Bc5 39. Bf7+ Kg7 40. g4 e4 41. g5 Be7 42. Kg2 Rc8 43. Bh5 Rc2+ 44. Kh3 Bd6 45. Rf7+ Kg8 46. Rd7 Rh2+ 47. Kg4 e3 48. Rxd6 e2 49. e7 Rxh4+ 50. Kf5 Re4 51. Rd8+ Kg7 52. e8Q e1N 1-0

[Event "Laval op"]
[Site "Laval"]
[Date "2024.06.23"]
[Round "4"]
[White "Di Matteo, Alessio"]
[Black "Radenovic, Milan"]
[Result "0-1"]
[WhiteElo "2000"]
[BlackElo "1613"]
[PlyCount "116"]
[EventDate "2024.06.21"]
[EventType "swiss"]
[EventRounds "5"]
[EventCountry "CAN"]
[SourceTitle "CBM 221 Extra"]
[Source "ChessBase"]
[SourceDate "2024.09.30"]
[SourceVersion "1"]
[SourceVersionDate "2024.09.30"]
[SourceQuality "1"]

1. d4 Nf6 2. c4 g6 3. Nc3 Bg7 4. e4 d6 5. f3 0-0 6. Nge2 c5 7. d5 e6 8. Ng3 exd5 9. cxd5 Nbd7 10. Be2 h5 11. Bg5 Qb6 12. Qd2 Ne5 13. 0-0 Bd7 14. h3 Rac8 15. Be3 h4 16. Nh1 Qb4 17. a3 Qb3 18. Bd1 Qb6 19. Be2 Qb3 20. Bg5 b5 21. Bxh4 b4 22. Nd1 a5 23. axb4 cxb4 24. Qe3 Qxe3+ 25. Nxe3 a4 26. f4 g5 27. fxe5 Nxe4 28. Be1 Bxe5 29. Bxb4 Bxb2 30. Bd3 Bxa1 31. Rxa1 Rfe8 32. Nc4 Bb5 33. Nb2 Bxd3 34. Nxd3 Nc5 35. Bxc5 dxc5 36. Rxa4 Red8 37. Rc4 Rxd5 38. Nhf2 f5 39. Kf1 Kf7 40. Ke2 Kf6 41. Kf3 Kg6 42. Ke2 Kf6 43. Kd2 Ke6 44. Kc3 Kd6 45. Nd1 Re8 46. Kd2 Re4 47. Ne3 Rxc4 48. Nxc4+ Kc6 49. Ne3 Rd8 50. Kc3 f4 51. Ne5+ Kb5 52. N3g4 Ra8 53. Nf3 Ra3+ 54. Kb2 Kb4 55. Nf2 Rb3+ 56. Kc2 Ra3 57. Kc1 Ra2 58. Nd2 c4 0-1

[Event "Laval op"]
[Site "Laval"]
[Date "2024.06.22"]
[Round "2"]
[White "Di Matteo, Alessio"]
[Black "Kerhuel Lefebvre, Stephane"]
[Result "1-0"]
[WhiteElo "2000"]
[BlackElo "1626"]
[PlyCount "57"]
[EventDate "2024.06.21"]
[EventType "swiss"]
[EventRounds "5"]
[EventCountry "CAN"]
[SourceTitle "CBM 221 Extra"]
[Source "ChessBase"]
[SourceDate "2024.09.30"]
[SourceVersion "1"]
[SourceVersionDate "2024.09.30"]
[SourceQuality "1"]

1. d4 Nf6 2. c4 g6 3. Nc3 d5 4. Nf3 Bg7 5. Qb3 dxc4 6. Qxc4 a6 7. e4 b5 8. Qb3 0-0 9. e5 Be6 10. exf6 Bxb3 11. fxg7 Kxg7 12. axb3 Nc6 13. Be3 h6 14. Be2 b4 15. Na4 a5 16. 0-0 e6 17. Rac1 Ne7 18. Bf4 Nd5 19. Bg3 f5 20. Be5+ Kh7 21. Nc5 Qe7 22. Ra1 g5 23. Nd2 g4 24. Nc4 h5 25. Nxa5 f4 26. Bd3+ Kh6 27. Nc4 Qh4 28. Nxe6 Rxa1 29. Bg7# 1-0

[Event "Montreal Maplewood Cup"]
[Site "Montreal"]
[Date "2024.06.01"]
[Round "2"]
[White "Lawson, Eric"]
[Black "Di Matteo, Alessio"]
[Result "1-0"]
[WhiteElo "2215"]
[BlackElo "1870"]
[PlyCount "65"]
[EventDate "2024.05.31"]
[EventType "swiss"]
[EventRounds "6"]
[EventCountry "CAN"]
[SourceTitle "CBM 220 Extra"]
[Source "ChessBase"]
[SourceDate "2024.07.31"]
[SourceVersion "1"]
[SourceVersionDate "2024.07.31"]
[SourceQuality "1"]

1. e4 e6 2. b3 c5 3. g3 b6 4. Bg2 Bb7 5. d4 cxd4 6. Qxd4 Nc6 7. Qd2 Qc7 8. Ne2 Nf6 9. c4 d5 10. exd5 exd5 11. cxd5 Nb4 12. Nbc3 Qd7 13. 0-0 0-0-0 14. Nf4 g5 15. Bh3 g4 16. Bg2 h5 17. Bb2 Qf5 18. Rac1 Kb8 19. Ne4 Nxe4 20. Bxe4 Qxe4 21. Bxh8 Bc5 22. Rc4 Qf5 23. Bd4 Ba6 24. Bxc5 Bxc4 25. Bxb4 Bxf1 26. Kxf1 Re8 27. Qd3 Re4 28. Bd2 Kb7 29. Qc3 h4 30. gxh4 Re7 31. Qc6+ Ka6 32. d6 Rd7 33. Qc8+ 1-0

[Event "Quebec op"]
[Site "Montreal"]
[Date "2023.08.04"]
[Round "9"]
[White "Di Matteo, Alessio"]
[Black "Chang, Alexander Rz"]
[Result "1/2-1/2"]
[WhiteElo "1677"]
[BlackElo "1704"]
[PlyCount "122"]
[EventDate "2023.07.29"]
[EventType "swiss"]
[EventRounds "9"]
[EventCountry "CAN"]
[SourceTitle "CBM 215 Extra"]
[Source "ChessBase"]
[SourceDate "2023.09.30"]
[SourceVersion "1"]
[SourceVersionDate "2023.09.30"]
[SourceQuality "1"]

1. d4 Nf6 2. c4 e6 3. Nc3 Bb4 4. f3 d5 5. a3 Bxc3+ 6. bxc3 c5 7. cxd5 exd5 8. e3 Bf5 9. Bd3 Bxd3 10. Qxd3 Nc6 11. Ne2 0-0 12. Ng3 Re8 13. 0-0 Rc8 14. Re1 Na5 15. Rb1 Qc7 16. Bb2 cxd4 17. cxd4 Qc2 18. Qf5 Qxf5 19. Nxf5 Rc2 20. Rec1 Rxc1+ 21. Bxc1 g6 22. Nd6 Rd8 23. Nb5 a6 24. Nc3 b5 25. Kf2 Rc8 26. Ne2 Nd7 27. e4 dxe4 28. fxe4 Nc4 29. Rb3 Nd6 30. Kf3 f5 31. e5 Ne4 32. Rd3 Kf7 33. h4 Rd8 34. Nf4 Nb6 35. d5 Nc4 36. e6+ Kf6 37. Ke2 a5 38. Nh3 Nb6 39. Bb2+ Ke7 40. Nf4 b4 41. axb4 axb4 42. Rd4 Na4 43. Ba1 Rb8 44. Rc4 Rb7 45. Be5 Nac3+ 46. Bxc3 Nxc3+ 47. Kd2 b3 48. Nd3 Nxd5 49. Kc1 Rb6 50. Kb2 Kxe6 51. Nc5+ Kd6 52. Nxb3 Ne3 53. Rd4+ Ke5 54. Rd7 Nxg2 55. Rxh7 Rc6 56. Nd2 Kf4 57. h5 gxh5 58. Rxh5 Ne3 59. Nb3 Kg4 60. Rh8 Rg6 61. Nd4 Rf6 1/2-1/2